000 nam a22 7a 4500
999 _c10759
_d10759
008 180223b ||||| |||| 00| 0 eng d
100 _aRao,C.H.
_96605
245 _aHolyfaith Mathematics Lab Manuals-III
260 _aNew Delhi
_bHolyfaith